[Event "Pathena NK jeugd 2015 - AB-meisjes"]
[Site "Rotterdam"]
[Date "2015.05.07"]
[Round "7.2"]
[White "Den Dunnen, Lola (B)"]
[Black "Sanders, Catheleijne"]
[Result "1-0"]
[BlackElo "1862"]
[WhiteElo "1671"]
[LiveChessVersion "1.4.6"]

1. d4 {[%clk 1:30:58]} Nf6 {[%clk 1:30:47]} 2. c4 {[%clk 1:31:23]} g6
{[%clk 1:31:13]} 3. Nc3 {[%clk 1:31:49]} Bg7 {[%clk 1:31:39]} 4. e4
{[%clk 1:32:12]} d6 {[%clk 1:32:06]} 5. h3 {[%clk 1:32:37]} O-O {[%clk 1:30:47]}
6. Nf3 {[%clk 1:32:02]} e5 {[%clk 1:30:33]} 7. d5 {[%clk 1:32:15]} Na6
{[%clk 1:22:13]} 8. Be3 {[%clk 1:30:28]} Nh5 {[%clk 1:13:31]} 9. g4
{[%clk 1:13:44]} Nf6 {[%clk 0:55:14]} 10. Qc2 {[%clk 1:12:18]} c6
{[%clk 0:54:02]} 11. O-O-O {[%clk 1:12:00]} Qc7 {[%clk 0:51:54]} 12. Be2
{[%clk 1:09:27]} Bd7 {[%clk 0:35:24]} 13. Rdg1 {[%clk 1:06:00]} Rfc8
{[%clk 0:34:03]} 14. Ne1 {[%clk 0:58:11]} cxd5 {[%clk 0:26:55]} 15. exd5
{[%clk 0:52:41]} b5 {[%clk 0:25:33]} 16. g5 {[%clk 0:47:01]} Bf5 {[%clk 0:22:05]}
17. Qd2 {[%clk 0:40:49]} Ne4 {[%clk 0:12:42]} 18. Nxe4 {[%clk 0:37:01]} Bxe4
{[%clk 0:13:11]} 19. f3 {[%clk 0:37:14]} Bf5 {[%clk 0:13:39]} 20. b3
{[%clk 0:36:58]} Nc5 {[%clk 0:10:27]} 21. Kd1 {[%clk 0:30:51]} bxc4
{[%clk 0:09:07]} 22. Bxc4 {[%clk 0:30:37]} a5 {[%clk 0:06:27]} 23. Bxc5
{[%clk 0:29:05]} Qxc5 {[%clk 0:06:37]} 24. Nd3 {[%clk 0:27:31]} Qd4
{[%clk 0:06:34]} 25. Nf2 {[%clk 0:26:49]} Qb6 {[%clk 0:04:04]} 26. Ne4
{[%clk 0:26:02]} a4 {[%clk 0:03:17]} 27. Ke2 {[%clk 0:24:52]} axb3
{[%clk 0:02:55]} 28. Bxb3 {[%clk 0:23:24]} Qa6+ {[%clk 0:02:06]} 29. Kf2
{[%clk 0:23:04]} Qb6+ {[%clk 0:02:06]} 30. Kg3 {[%clk 0:23:13]} Bxe4
{[%clk 0:02:01]} 31. fxe4 {[%clk 0:23:24]} Qd4 {[%clk 0:02:23]} 32. Qxd4
{[%clk 0:22:31]} exd4 {[%clk 0:02:52]} 33. Rc1 {[%clk 0:21:21]} Be5+
{[%clk 0:02:31]} 34. Kf3 {[%clk 0:20:40]} Rc3+ {[%clk 0:02:32]} 35. Rxc3
{[%clk 0:20:55]} dxc3 {[%clk 0:03:01]} 36. Rc1 {[%clk 0:20:57]} Kf8
{[%clk 0:03:01]} 37. Rc2 {[%clk 0:21:12]} Ke7 {[%clk 0:02:37]} 38. Kg4
{[%clk 0:21:02]} Bd4 {[%clk 0:02:07]} 39. Re2 {[%clk 0:20:10]} Kd8
{[%clk 0:02:16]} 40. h4 {[%clk 0:20:18]} Kc7 {[%clk 0:02:30]} 41. h5
{[%clk 0:19:48]} Kb6 {[%clk 0:02:49]} 42. h6 {[%clk 0:18:47]} Kc5
{[%clk 0:01:55]} 43. Kf3 {[%clk 0:18:25]} Kb4 {[%clk 0:02:08]} 44. Rc2
{[%clk 0:18:03]} Ka3 {[%clk 0:01:20]} 45. Ke2 {[%clk 0:17:26]} Re8
{[%clk 0:01:03]} 46. Kd3 {[%clk 0:17:30]} Be5 {[%clk 0:01:18]} 47. Rf2
{[%clk 0:17:26]} Re7 {[%clk 0:01:33]} 48. Bc4 {[%clk 0:16:41]} Rc7
{[%clk 0:09:25]} 49. Bb3 {[%clk 0:27:25]} Bg3 {[%clk 0:09:03]} 50. Re2
{[%clk 0:21:53]} Bf4 {[%clk 0:08:57]} 51. Rg2 {[%clk 0:21:55]} Bd2
{[%clk 0:08:38]} 52. Kc2 {[%clk 0:21:24]} Re7 {[%clk 0:08:51]} 53. Rg4
{[%clk 0:21:14]} Re5 {[%clk 0:09:06]} 54. Kb1 {[%clk 0:20:36]} Bxg5
{[%clk 0:08:12]} 55. Kc2 {[%clk 0:20:41]} Bxh6 {[%clk 0:07:18]} 56. Kxc3
{[%clk 0:20:57]} Be3 {[%clk 0:06:54]} 57. Kd3 {[%clk 0:20:02]} Bc5
{[%clk 0:06:26]} 58. Rg2 {[%clk 0:19:54]} h5 {[%clk 0:06:28]} 59. Rc2
{[%clk 0:20:06]} Kb4 {[%clk 0:06:15]} 60. Rc4+ {[%clk 0:20:25]} Kb5
{[%clk 0:06:14]} 61. Ba4+ {[%clk 0:20:20]} Kb6 {[%clk 0:06:15]} 62. Bd7
{[%clk 0:20:14]} g5 {[%clk 0:06:15]} 63. Rc1 {[%clk 0:19:35]} g4 {[%clk 0:06:18]}
64. Bf5 {[%clk 0:19:09]} g3 {[%clk 0:05:16]} 65. Bh3 {[%clk 0:19:06]} Rg5
{[%clk 0:05:10]} 66. Rc2 {[%clk 0:18:38]} Bf2 {[%clk 0:04:32]} 67. Rc6+
{[%clk 0:18:15]} Kb7 {[%clk 0:04:30]} 68. Rxd6 {[%clk 0:17:01]} g2
{[%clk 0:04:30]} 69. Bxg2 {[%clk 0:17:14]} Rxg2 {[%clk 0:04:58]} 70. Rd7+
{[%clk 0:17:38]} Kb6 {[%clk 0:04:15]} 71. Rxf7 {[%clk 0:18:06]} h4
{[%clk 0:04:00]} 72. Rh7 {[%clk 0:17:17]} Rg5 {[%clk 0:02:52]} 73. d6
{[%clk 0:17:04]} Kc6 {[%clk 0:02:30]} 74. d7 {[%clk 0:17:11]} Kc7
{[%clk 0:02:40]} 75. Rf7 {[%clk 0:15:42]} Bg3 {[%clk 0:02:19]} 76. Rh7
{[%clk 0:15:45]} Ra5 {[%clk 0:02:21]} 77. Kd4 {[%clk 0:15:09]} Rxa2
{[%clk 0:02:26]} 78. Kd5 {[%clk 0:15:22]} Ra5+ {[%clk 0:02:17]} 79. Kd4
{[%clk 0:13:30]} Rg5 {[%clk 0:01:55]} 80. Kc4 {[%clk 0:12:51]} Rg4
{[%clk 0:02:00]} 81. Kd5 {[%clk 0:12:58]} Rg5+ {[%clk 0:01:50]} 82. Kc4
{[%clk 0:12:53]} Bf2 {[%clk 0:01:40]} 83. Rf7 {[%clk 0:13:04]} Be3
{[%clk 0:01:33]} 84. Rh7 {[%clk 0:13:11]} Rg4 {[%clk 0:01:42]} 85. Kd5
{[%clk 0:13:27]} Bg5 {[%clk 0:01:41]} 86. e5 {[%clk 0:12:59]} Rg3
{[%clk 0:01:58]} 87. e6 {[%clk 0:11:57]} Re3 {[%clk 0:02:06]} 88. Rh8
{[%clk 0:11:16]} h3 {[%clk 0:01:26]} 89. Rc8+ {[%clk 0:11:15]} Kb7
{[%clk 0:01:52]} 90. Rc2 {[%clk 0:09:29]} Be7 {[%clk 0:00:44]} 91. Rf2
{[%clk 0:08:41]} Rg3 {[%clk 0:00:48]} 92. Rh2 {[%clk 0:08:47]} Rc3
{[%clk 0:00:50]} 93. Ke4 {[%clk 0:08:41]} Kc7 {[%clk 0:01:07]} 94. Kf5
{[%clk 0:07:57]} Bd6 {[%clk 0:01:23]} 95. Ra2 {[%clk 0:08:13]} Bc5
{[%clk 0:00:42]} 96. Ra8 {[%clk 0:07:54]} Be7 {[%clk 0:01:01]} 97. Rc8+
{[%clk 0:08:00]} Kd6 {[%clk 0:01:21]} 98. Rxc3 {[%clk 0:08:20]} h2
{[%clk 0:01:38]} 99. Rh3 {[%clk 0:08:41]} 1-0

[Event "Pathena NK jeugd 2015 - AB-meisjes"]
[Site "Rotterdam"]
[Date "2015.05.08"]
[Round "8.2"]
[White "Naber, Quirine"]
[Black "Den Dunnen, Lola (B)"]
[Result "1/2-1/2"]
[BlackElo "1671"]
[WhiteElo "1616"]
[LiveChessVersion "1.4.6"]

1. e4 {[%clk 1:30:59]} e5 {[%clk 1:30:58]} 2. Nf3 {[%clk 1:31:24]} Nc6
{[%clk 1:31:23]} 3. Bb5 {[%clk 1:31:52]} a6 {[%clk 1:31:48]} 4. Ba4
{[%clk 1:32:18]} Nf6 {[%clk 1:32:12]} 5. Qe2 {[%clk 1:32:38]} b5 {[%clk 1:32:24]}
6. Bb3 {[%clk 1:33:01]} Be7 {[%clk 1:32:24]} 7. O-O {[%clk 1:33:06]} O-O
{[%clk 1:32:37]} 8. c3 {[%clk 1:32:43]} d6 {[%clk 1:33:00]} 9. d3
{[%clk 1:31:15]} Na5 {[%clk 1:33:00]} 10. Bc2 {[%clk 1:31:10]} c5
{[%clk 1:33:22]} 11. Nbd2 {[%clk 1:29:15]} Re8 {[%clk 1:32:15]} 12. Rd1
{[%clk 1:28:32]} Bf8 {[%clk 1:31:53]} 13. Nf1 {[%clk 1:27:25]} Bb7
{[%clk 1:30:08]} 14. Ng3 {[%clk 1:26:11]} g6 {[%clk 1:29:18]} 15. Bg5
{[%clk 1:24:09]} h6 {[%clk 1:28:50]} 16. Be3 {[%clk 1:22:20]} Bg7
{[%clk 1:28:54]} 17. h3 {[%clk 1:21:18]} Qe7 {[%clk 1:20:28]} 18. Qd2
{[%clk 1:15:23]} Kh7 {[%clk 1:20:14]} 19. c4 {[%clk 1:09:27]} Nc6
{[%clk 1:16:54]} 20. b3 {[%clk 1:07:10]} b4 {[%clk 1:15:57]} 21. a3
{[%clk 1:05:59]} a5 {[%clk 1:12:19]} 22. Qc1 {[%clk 1:02:34]} Nd7
{[%clk 1:08:37]} 23. Nh2 {[%clk 1:01:00]} h5 {[%clk 1:04:58]} 24. Nf3
{[%clk 0:59:09]} Nd4 {[%clk 1:00:07]} 25. Bxd4 {[%clk 0:40:27]} exd4
{[%clk 0:58:29]} 26. Ng5+ {[%clk 0:37:54]} Kg8 {[%clk 0:58:34]} 27. Nf3
{[%clk 0:37:51]} Ne5 {[%clk 0:55:10]} 28. Nh2 {[%clk 0:34:38]} Qh4
{[%clk 0:51:25]} 29. Rf1 {[%clk 0:30:40]} Kh7 {[%clk 0:45:34]} 30. Qd1
{[%clk 0:28:26]} Bh6 {[%clk 0:43:05]} 31. Nf3 {[%clk 0:16:00]} Nxf3+
{[%clk 0:33:37]} 32. Qxf3 {[%clk 0:16:25]} f5 {[%clk 0:32:23]} 33. Nxf5
{[%clk 0:15:12]} gxf5 {[%clk 0:31:10]} 34. Qxf5+ {[%clk 0:15:38]} Kh8
{[%clk 0:30:36]} 35. Bd1 {[%clk 0:15:58]} Re5 {[%clk 0:26:43]} 36. Qd7
{[%clk 0:16:15]} Bc8 {[%clk 0:19:59]} 37. Qc6 {[%clk 0:12:57]} Bxh3
{[%clk 0:14:57]} 38. Qxa8+ {[%clk 0:10:19]} Kh7 {[%clk 0:15:02]} 39. g3
{[%clk 0:03:00]} Qf6 {[%clk 0:10:22]} 40. axb4 {[%clk 0:01:07]} Bxf1
{[%clk 0:08:31]} 41. Kxf1 {[%clk 0:01:32]} h4 {[%clk 0:08:13]} 42. gxh4
{[%clk 0:10:08]} Qxh4 {[%clk 0:17:11]} 43. Rxa5 {[%clk 0:08:17]} Qh3+
{[%clk 0:15:57]} 44. Ke2 {[%clk 0:07:46]} Qg4+ {[%clk 0:16:09]} 45. Ke1
{[%clk 0:07:45]} Qg1+ {[%clk 0:16:21]} 46. Ke2 {[%clk 0:08:04]} Qg4+
{[%clk 0:14:12]} 47. Ke1 {[%clk 0:08:25]} Qg1+ {[%clk 0:11:54]} 48. Ke2
{[%clk 0:08:51]} 1/2-1/2

[Event "Pathena NK jeugd 2015 - AB-meisjes"]
[Site "Rotterdam"]
[Date "2015.05.09"]
[Round "9.2"]
[White "Keetman, Sandra"]
[Black "Den Dunnen, Lola (B)"]
[Result "0-1"]
[BlackElo "1671"]
[WhiteElo "1710"]
[LiveChessVersion "1.4.6"]

1. e4 {[%clk 1:30:59]} e5 {[%clk 1:30:55]} 2. Nf3 {[%clk 1:31:25]} Nc6
{[%clk 1:31:20]} 3. Bc4 {[%clk 1:31:51]} Nf6 {[%clk 1:31:45]} 4. d3
{[%clk 1:32:07]} Be7 {[%clk 1:32:02]} 5. Nc3 {[%clk 1:31:45]} O-O
{[%clk 1:32:17]} 6. O-O {[%clk 1:31:55]} d6 {[%clk 1:32:40]} 7. h3
{[%clk 1:32:13]} Na5 {[%clk 1:32:25]} 8. Bb3 {[%clk 1:32:28]} Nxb3
{[%clk 1:32:49]} 9. axb3 {[%clk 1:32:53]} c6 {[%clk 1:32:18]} 10. d4
{[%clk 1:30:11]} exd4 {[%clk 1:27:15]} 11. Nxd4 {[%clk 1:28:35]} Re8
{[%clk 1:22:47]} 12. f4 {[%clk 1:25:52]} Bf8 {[%clk 1:22:15]} 13. Qd3
{[%clk 1:24:08]} g6 {[%clk 1:16:53]} 14. f5 {[%clk 1:21:17]} Qe7 {[%clk 1:08:45]}
15. Bg5 {[%clk 1:19:15]} Bg7 {[%clk 1:07:48]} 16. fxg6 {[%clk 1:19:11]} fxg6
{[%clk 1:07:48]} 17. Rae1 {[%clk 1:15:35]} Qe5 {[%clk 1:05:27]} 18. Bxf6
{[%clk 1:14:35]} Bxf6 {[%clk 1:05:19]} 19. Nf3 {[%clk 1:14:07]} Qe7
{[%clk 1:05:00]} 20. Rd1 {[%clk 1:12:14]} Be5 {[%clk 1:02:18]} 21. Nd2
{[%clk 1:07:35]} Be6 {[%clk 1:00:08]} 22. Nc4 {[%clk 1:05:59]} Rad8
{[%clk 0:59:28]} 23. Nxe5 {[%clk 1:05:53]} dxe5 {[%clk 0:59:46]} 24. Qe3
{[%clk 1:06:09]} a6 {[%clk 0:57:16]} 25. Na4 {[%clk 1:03:56]} Rxd1
{[%clk 0:57:18]} 26. Rxd1 {[%clk 1:04:21]} Rd8 {[%clk 0:57:32]} 27. Rf1
{[%clk 1:04:15]} Qd6 {[%clk 0:56:51]} 28. Nc5 {[%clk 1:03:07]} Bc8
{[%clk 0:56:59]} 29. Qf2 {[%clk 1:00:43]} Qd4 {[%clk 0:56:32]} 30. Nd3
{[%clk 1:00:17]} Qxf2+ {[%clk 0:55:32]} 31. Kxf2 {[%clk 0:47:34]} Re8
{[%clk 0:55:13]} 32. Ke2 {[%clk 0:47:07]} Kg7 {[%clk 0:55:28]} 33. Kd2
{[%clk 0:47:08]} g5 {[%clk 0:53:38]} 34. Kc3 {[%clk 0:47:06]} h5 {[%clk 0:52:56]}
35. Kc4 {[%clk 0:46:51]} b6 {[%clk 0:52:01]} 36. Nb4 {[%clk 0:46:46]} a5
{[%clk 0:50:12]} 37. Nxc6 {[%clk 0:42:59]} Ba6+ {[%clk 0:50:35]} 0-1